000 00688nam a2200289Ia 4500
005 20260324125144.0
008 008 260324s9999 xx 000 0 eng d
020 _a9781315594828
037 _aEBOOK
040 _aCRL
040 _beng
040 _cCRL
041 _2eng
041 _aeng
084 _qCRL
100 _aJoƫlle Vanhamme; Adam Lindgreen
_91176904
245 0 _aMemorable Customer Experiences
245 2 _bA Research Anthology
260 _bTaylor and Francis
260 _c2009
365 _a
365 _b145
856 _uhttp://www.taylorfrancis.com/books/9781315594828
942 _cEBOOK
999 _c1771903
_d1771903